Chàng ngốc Tiểu thuyết
Chàng Ngốc là Hoàng thân Myshkin – một nhân vật phức tạp. Độc giả có thể tìm thấy ở chàng một chút của Chúa Jesus, một chút của Don Quixote, một chút của Pickwick để hình dung ra hình ảnh lý tưởng về một tín đồ đạo Thiên chúa. Nhưng khác...
Bewaard in:
| Hoofdauteur: | |
|---|---|
| Andere auteurs: | |
| Formaat: | Boek |
| Taal: | Undetermined |
| Gepubliceerd in: |
H.
Văn học
2017
|
| Onderwerpen: | |
| Online toegang: | http://lrc.tdmu.edu.vn/opac/search/detail.asp?aID=2&ID=33308 |
| Tags: |
Voeg label toe
Geen labels, Wees de eerste die dit record labelt!
|
| Thư viện lưu trữ: | Trung tâm Học liệu Trường Đại học Thủ Dầu Một |
|---|
| LEADER | 01760nam a2200229Ia 4500 | ||
|---|---|---|---|
| 001 | TDMU_33308 | ||
| 008 | 210410s9999 xx 000 0 und d | ||
| 082 | |a 551 | ||
| 090 | |b D434 | ||
| 100 | |a Dostoievski, Fedor Mikhailovich | ||
| 245 | 0 | |a Chàng ngốc | |
| 245 | 0 | |b Tiểu thuyết | |
| 245 | 0 | |c Fedor Mikhailovich Dostoievski; Võ Minh Phú (dịch) | |
| 260 | |a H. | ||
| 260 | |b Văn học | ||
| 260 | |c 2017 | ||
| 300 | |a 933tr. | ||
| 520 | |a Chàng Ngốc là Hoàng thân Myshkin – một nhân vật phức tạp. Độc giả có thể tìm thấy ở chàng một chút của Chúa Jesus, một chút của Don Quixote, một chút của Pickwick để hình dung ra hình ảnh lý tưởng về một tín đồ đạo Thiên chúa. Nhưng khác với nhân vật của Bunyan trong The Pilgrim's Progress, Dostoievsky không xây dựng Myshkin như một nhân vật mang tính biểu tượng, trong một thế giới phi thực tế mà đặt chàng vào thế giới thực, sống động. Bằng cách đưa Chàng Ngốc vào một thế giới trần tục, Dostoievsky đã thể hiện cái nhìn phê phán và đả kích của mình đối với chế độ quân chủ tư sản và sự ngự trị của quyền lực trong xã hội nước Nga lúc bấy giờ. | ||
| 650 | |a Văn học hiện đại |v Tiểu thuyết |z Nga; Văn học Nga |v Tiểu thuyết | ||
| 700 | |a Võ, Minh Phú | ||
| 856 | |u http://lrc.tdmu.edu.vn/opac/search/detail.asp?aID=2&ID=33308 | ||
| 980 | |a Trung tâm Học liệu Trường Đại học Thủ Dầu Một | ||